000
00295nam a22001337a 4500
008
170801b xxu||||| |||| 00| 0 eng d
020
_a
9783540559573
041
_a
eng
080
_a
004
100
_a
32
101
_a
SHKI
245
_a
INFORMATIK CUI BONO?
_c
LANGENHEDER, W
942
_2
udc
_c
BK
999
_c
22413
_d
22413